| 000 | 01307nam0a2200361 4500 | ||
|---|---|---|---|
| 001 | RU\NLR\bibl\1382081 | ||
| 005 | 20250615193642.0 | ||
| 010 |
_a978-5-91723-007-8 _91000 |
||
| 021 |
_aRU _b2009-28942 _91734 |
||
| 035 | _a(nilc)RSL-KNO-004292453 | ||
| 035 | _a(NLR Aleph) 001374162 | ||
| 090 |
_a1060710 _c1060710 |
||
| 100 | _a20090410d2009 |||y0rusy50 ca | ||
| 101 | 0 | _arus | |
| 102 | _aRU | ||
| 105 | _aa ||||||||| | ||
| 200 | 1 |
_aУренский мятеж _fВиктор Карпенко |
|
| 210 |
_aНижний Новгород _cБИКАР _d2009 |
||
| 215 |
_a111 с. _cил., портр. _d21 |
||
| 606 | 1 |
_aГражданская война и военная интервенция в России _yНижегородская губерния _z1918 - 1920 _92403845 _3RU\NLR\auth\661432734 |
|
| 686 |
_aШ5(2=Р)75-644.8 _2rubbk |
||
| 686 |
_aЦ35(2)712.1(2Р-7Н) _2rubbk |
||
| 686 | _aТ3(2)712.9-9(2Р-7Н) | ||
| 700 | 1 |
_4070 _7ca _8rus _aКарпенко _bВ. Ф. _cписатель _f1951- _gВиктор Федорович _9158862 _3RU\NLR\AUTH\770158903 |
|
| 801 | 0 |
_aRU _bРКП _c20090410 _grcr |
|
| 801 | 1 |
_aRU _bРГБ _c20090410 |
|
| 801 | 2 |
_aRU _bNLR _c20090616 _grcr |
|
| 830 | _aпо кн | ||
| 942 | _cBOOK | ||
| 980 | _aNB | ||
| 980 | _aNBR | ||